Η περιφερειακή - τομεακή διάρθρωση της απασχόλησης στην ελληνική οικονομία : μια καταγραφή και μελέτη τη περίοδο 1991-2001 : διπλωματική εργασία
Αποθηκεύτηκε σε:
| Κύριος συγγραφέας: | |
|---|---|
| Συγγραφή απο Οργανισμό/Αρχή: | |
| Άλλοι συγγραφείς: | |
| Μορφή: | Thesis Βιβλίο |
| Γλώσσα: | Greek |
| Δημοσίευση: |
2003
|
| Θέματα: | |
| Ετικέτες: |
Προσθήκη ετικέτας
Δεν υπάρχουν, Καταχωρήστε ετικέτα πρώτοι!
|
MARC
| LEADER | 00000cam a2200000 i 4500 | ||
|---|---|---|---|
| 001 | 1/48741 | ||
| 008 | 040217s2003 gre d | ||
| 035 | |l 10072300 | ||
| 040 | |a GR-MY-UA |b gre |e aacr | ||
| 041 | 0 | |a gre | |
| 082 | 0 | |a 330.9495 |2 (22) | |
| 100 | 1 | |a Καλιγιαννάκης, Ιωάννης Κ. | |
| 245 | 1 | 2 | |a Η περιφερειακή - τομεακή διάρθρωση της απασχόλησης στην ελληνική οικονομία : |b μια καταγραφή και μελέτη τη περίοδο 1991-2001 : διπλωματική εργασία / |c Ιωάννης Κ. Καλιγιαννάκης ; επιβλέπων: Γεώργιος Οικονομάκης |
| 260 | |c 2003 | ||
| 300 | |a 110 σ.; |b πίν.; |c 30 εκ. | ||
| 502 | |a Πτυχιακή εργασία – Πανεπιστήμιο Αιγαίου, Χίος, 2003. | ||
| 504 | |a Περιλαμβάνει βιβλιογραφία | ||
| 610 | 2 | 0 | |a Πανεπιστήμιο Αιγαίου. |
| 650 | 0 | 0 | |a Rural development |z Greece. |
| 650 | 0 | 0 | |a Dissertations, Academic |z Greece. |
| 651 | 0 | |a Greece |x Economic conditions |y 20th century. | |
| 651 | 0 | |a Greece |x Economic policy. | |
| 700 | 1 | |4 ths |a Οικονομάκης, Γεώργιος Η., |d 1960- | |
| 710 | 1 | |a Πανεπιστήμιο Αιγαίου |b Σχολή Επιστημών της Διοίκησης |b Τμήμα Διοίκησης Επιχειρήσεων - Τ.Δ.Ε. | |
| 852 | |a INST |b CHIOS |c DIATR |e 20040225 |h 330.9495 ΚΑΛ |p 005200023545 |q 005200023545 |t DIE |y 23 | ||
| 852 | |a INST |b CHIOS |c DIATR |e 20040217 |h 330.9495 ΚΑΛ |p 005200023577 |q 005200023577 |t DIE |y 23 | ||
| 901 | |a BIBL2-2004-1 | ||
| 909 | |a Χ |b 108564 | ||
| 909 | |a Χ |b 108603 | ||
| 924 | |a ΚΑΛΙΓΙΑΝΝΑΚΗΣ |b ΙΩΑΝΝΗΣ |y ΧΙΟΣ |z 2004-02 | ||
| 970 | |a ΒΑΣΙΛΑΚΗ |b ΝΙΚΗ |z 2004/02/17 | ||